000 00299nam a2200121Ia 4500
008 190216s9999||||xx |||||||||||||| ||und||
100 _aJain P C
245 0 _aBusiness Studies: Business : Finance Marketing
260 _bNcrt - Newdelhi
_c2003
300 _a150
650 _aCommerce
942 _cREF
999 _c36710
_d36710